| 000 | 02362nam0a2200433 4500 | ||
|---|---|---|---|
| 001 | RU\NLR\BIBL_A\010885666 | ||
| 005 | 20260408171302.0 | ||
| 021 |
_aRU _b2015-79297 _94802 |
||
| 035 | _a(NLR Aleph) 010885666 | ||
| 035 | _a(NILC)RuMoRGB-008043419 | ||
| 090 |
_a10525113 _c10525113 |
||
| 100 | _a20151110d2015 k y0rusy50 ca | ||
| 101 | 0 |
_arus _deng |
|
| 102 | _aRU | ||
| 105 | _aa z 000yy | ||
| 200 | 1 |
_aПрограмма 3DLINE: моделирование воздействия несоосного лазерного импульса на оловянную каплю _fА. Ю. Круковский, В. Г. Новиков, И. П. Цыгвинцев |
|
| 210 |
_aМосква _cИПМ РАН _d2015 |
||
| 215 |
_a24 с. _cил., цв. ил. _d21 |
||
| 225 | 1 |
_aПрепринты ИПМ им. М. В. Келдыша _dKeldysh institute preprints _zeng |
|
| 225 | 1 |
_aПрепринт _fИн-т приклад. математики им. М. В. Келдыша Рос. акад. наук _x2071-2898 _v№ 63 за 2015 г. |
|
| 300 | _aРез. на англ. яз. | ||
| 320 | _aБиблиогр.: с. 23-24 (23 назв.) | ||
| 606 |
_aРадиационная газодинамика _xУравнения _xРешение _xРазностных схем метод _92253461 _3RU\NLR\AUTH\6601581959 |
||
| 606 |
_aПлазма _xДинамика _xМатематическое моделирование _92210917 _3RU\NLR\AUTH\661328129 |
||
| 606 |
_aЛазерная плазма _xВзаимодействие с поверхностью _xМатематическое моделирование _92248747 _3RU\NLR\AUTH\6601579718 |
||
| 606 |
_aПлазма (физ.) импульсная _xПолучение _xПрименение лазеров _3RU\NLR\AUTH\66615752 _91452848 |
||
| 675 | _a621.38 | ||
| 686 | 1 | _aВ333.2 | |
| 686 | 1 | _aВ333.33 | |
| 700 | 1 |
_aКруковский _bА. Ю. _gАлександр Юрьевич |
|
| 701 | 1 |
_8rus _7ca _aНовиков _bВ. Г. _cд-р физ.-мат. наук _gВладимир Григорьевич _3RU\NLR\AUTH\7727406 _910440 |
|
| 701 | 1 |
_aЦыгвинцев _bИ. П. _gИлья Павлович |
|
| 801 | 0 |
_aRU _bРГБ _c20151014 _gRCR |
|
| 801 | 1 |
_aRU _bРГБ _c20151014 _2rusmarc |
|
| 942 | _cBOOK | ||
| 980 | _aNBR | ||
| 980 | _aNB | ||